| 000 | 00480nam a2200181 a 4500 | ||
|---|---|---|---|
| 005 | 20140310183257.0 | ||
| 008 | 041109s19uu xx 00 eng d | ||
| 050 |
_aP 91.3 _b.R83 2000 |
||
| 100 | _aRubin, Rebecca B. | ||
| 245 | _aCommunication research strategies and sources/. | ||
| 250 | _a5th ed. | ||
| 300 |
_a317 p. : _b24 cm. |
||
| 650 | _aCommunication research. | ||
| 700 | _aRubin, Alan M. | ||
| 700 | _aPiele, Linda J. | ||
| 942 |
_cBK _2lcc _kFOR |
||
| 999 |
_c20878 _d20878 |
||